<?xml version="1.0" encoding="UTF-8"?>
<record
    xmlns:xsi="http://www.w3.org/2001/XMLSchema-instance"
    xsi:schemaLocation="http://www.loc.gov/MARC21/slim http://www.loc.gov/standards/marcxml/schema/MARC21slim.xsd"
    xmlns="http://www.loc.gov/MARC21/slim">

  <leader>01992nam a2200229Ia 4500</leader>
  <controlfield tag="001">b7117-53187 </controlfield>
  <controlfield tag="003">IT-MiCISF</controlfield>
  <controlfield tag="005">20250107125344.0</controlfield>
  <controlfield tag="008">161014s9999||||xx |||||||||||||| ||und||</controlfield>
  <datafield tag="040" ind1=" " ind2=" ">
    <subfield code="a">IT-MiCISF</subfield>
    <subfield code="c">IT-MiCISF</subfield>
  </datafield>
  <datafield tag="041" ind1=" " ind2=" ">
    <subfield code="a">it</subfield>
  </datafield>
  <datafield tag="100" ind1=" " ind2=" ">
    <subfield code="a">Schwarz Arturo</subfield>
    <subfield code="9">61328</subfield>
  </datafield>
  <datafield tag="245" ind1=" " ind2="0">
    <subfield code="a">La donna e l'amore al tempo dei miti.</subfield>
    <subfield code="b">La valenza iniziatica ed erotica del femminile</subfield>
  </datafield>
  <datafield tag="260" ind1=" " ind2=" ">
    <subfield code="a">Milano, </subfield>
    <subfield code="b">Garzanti,</subfield>
    <subfield code="c">2009</subfield>
  </datafield>
  <datafield tag="300" ind1=" " ind2=" ">
    <subfield code="a">pp. 280</subfield>
  </datafield>
  <datafield tag="500" ind1=" " ind2=" ">
    <subfield code="a">donna, storia, cultura</subfield>
  </datafield>
  <datafield tag="520" ind1=" " ind2=" ">
    <subfield code="a">Da sempre la figura femminile, con la sua energia e il suo potere, &#xE8; al centro di numerosi miti, culti e misteri, dalle prime civilt&#xE0; matriarcali fino ai giorni nostri, magari in forme che fatichiamo ormai a identificare. La donna, origine del tutto, &#xE8; la madre potente, che genera e nutre; al tempo stesso, il suo aspetto sessuale dinamizza e trasforma, donando la conoscenza.
Partendo dalle antiche statuette paleolitiche - idoli femminili, caratterizzati ora da fianchi stretti e seni piccoli, ora da seni voluminosi e fianchi ampi - Arturo Schwarz segue e ricollega le diverse Signore dell'amore e della fecondit&#xE0; che hanno accompagnato la storia dell'umanit&#xE0; incarnando l'energia vitale della natura e indicando la via privilegiata alla conoscenza. Senza nascondere la profonda ambiguit&#xE0; del principio femminile, insieme benigno e distruttore.
In questo suo viaggio Schwarz attinge all'antropologia e alla psicoanalisi, all'arte e alla filosofia, ma anche ai saperi pi&#xF9; nascosti dell'alchimia e della Cabbal&#xE0;. Illustra il rapporto tra il femminile e la luce, ovvero l'unione sessuale che porta alla conoscenza spirituale di s&#xE9; e dell'altro. Esplora la sessualitr&#xE0; come trascendenza e mistero, una delle fonti pi&#xF9; profonde dell'esperienza religiosa. E naturalmente illumina il rapporto profondo tra l'emozione erotica e quella estetica, tra l'organismo e la vertigine della bellezza.</subfield>
  </datafield>
  <datafield tag="650" ind1=" " ind2=" ">
    <subfield code="a">Donna</subfield>
  </datafield>
  <datafield tag="654" ind1=" " ind2=" ">
    <subfield code="a">saggio</subfield>
  </datafield>
  <datafield tag="942" ind1=" " ind2=" ">
    <subfield code="c">BK</subfield>
    <subfield code="2">ddc</subfield>
  </datafield>
  <datafield tag="999" ind1=" " ind2=" ">
    <subfield code="c">209859</subfield>
    <subfield code="d">209859</subfield>
  </datafield>
  <datafield tag="999" ind1=" " ind2=" ">
    <subfield code="b">si</subfield>
  </datafield>
  <datafield tag="952" ind1=" " ind2=" ">
    <subfield code="0">0</subfield>
    <subfield code="1">0</subfield>
    <subfield code="2">ddc</subfield>
    <subfield code="4">0</subfield>
    <subfield code="6">B_7117_000000000000000</subfield>
    <subfield code="7">1</subfield>
    <subfield code="a">CISF</subfield>
    <subfield code="b">CISF</subfield>
    <subfield code="d">2025-01-07</subfield>
    <subfield code="l">0</subfield>
    <subfield code="o">B7117</subfield>
    <subfield code="r">2025-01-07 13:03:08</subfield>
    <subfield code="w">2025-01-07</subfield>
    <subfield code="y">BK</subfield>
  </datafield>
</record>
